000 00608nam a2200217Ii 4500
003 JO-AjNU
008 230606s9999||||xx |||||||||||||| ||und||
020 _a81-297-1030-7
040 _aJO-AjNU
_beng
_erda
_cJO-AjNU
041 _aeng
050 1 4 _aRC467.2005
100 3 _aHecker,jeffrey/Thorpe,Geoffrey,
_eauthor
_91328
245 0 0 _aintroduction to clinical psychology
250 _a1 ed
264 3 1 _aNewyork,PEARSON ,2006
300 _a574p
336 _atext
_btxt
_2rdacontent
337 _aunmediated
_bn
_2rdamedia
338 _avolume
_bnc
_2rdacarrier
650 4 _aClinical psychology 
_91329
999 _aE699
_c699
_d699